Largest Towns in Södermanland - Statistics

General Stats
  • This quiz has been taken 25 times
  • The average score is 8 of 20
Answer Stats
Population Town % Correct
75,798 Eskilstuna
96%
38,780 Nyköping
83%
24,483 Katrineholm
74%
14,803 Strängnäs
74%
6,577 Flen
70%
7,565 Trosa
70%
11,641 Oxelösund
65%
4,741 Vingåker
52%
4,206 Mariefred
39%
6,376 Gnesta
35%
3,000 Åkers styckebruk
30%
9,444 Torshälla
30%
3,976 Vagnhärad
30%
2,180 Malmköping
26%
1,914 Stigtomta
22%
1,864 Stallarholmen
17%
3,394 Hällbybrunn
9%
1,615 Hälleforsnäs
9%
1,475 Valla
4%
3,039 Abborrberget
0%
No matching quizzes found
Score Distribution
Percent of People with Each Score
Percentile by Number Answered
Your Score History
You have not taken this quiz